Australian Football League Teams by Number of Premierships - Statistics

General Stats
  • This quiz has been taken 23 times
  • The average score is 14 of 16
Answer Stats
Total Seasons Answer % Correct
16 1906, 1907, 1908, 1914,1915, 1938, 1945, 1947, 1968, 1970, 1972, 1979, 1981, 1982, 1987, 1995 Carlton
100%
15 1902, 1903, 1910, 1917,1919, 1927, 1928, 1929, 1930, 1935, 1936, 1953, 1958, 1990, 2010 Collingwood
100%
16 1897, 1901, 1911, 1912,1923, 1924, 1942, 1946, 1949, 1950, 1962, 1965, 1984, 1985, 1993, 2000 Essendon
100%
13 1961, 1971, 1976, 1978,1983, 1986, 1988, 1989, 1991, 2008, 2013, 2014, 2015 Hawthorn
100%
9 1925, 1931, 1937, 1951,1952, 1963, 2007, 2009, 2011 Geelong
95%
12 1900, 1926, 1939, 1940,1941, 1948, 1955, 1956, 1957, 1959, 1960, 1964 Melbourne
95%
13 1920, 1921, 1932, 1934,1943, 1967, 1969, 1973, 1974, 1980, 2017, 2019, 2020 Richmond
95%
5 1909, 1918, 1933, 2005,2012 South Melbourne/Sydney
95%
3 2001, 2002, 2003 Brisbane
89%
2 1954, 2016 Footscray/Western Bulldogs
89%
4 1992, 1994, 2006, 2018 West Coast
89%
1 2004 Port Adelaide
84%
1 1966 St Kilda
84%
2 1997, 1998 Adelaide
79%
8 1898, 1899, 1904, 1905,1913, 1916, 1922, 1944 Fitzroy
79%
4 1975, 1977, 1996, 1999 North Melbourne
74%
No matching quizzes found
Score Distribution
Percent of People with Each Score
Percentile by Number Answered
Your Score History
You have not taken this quiz